<?xml version="1.0" encoding="UTF-8"?>
<marc:record xmlns:marc="http://www.loc.gov/MARC21/slim">
   <marc:leader>00000nam a2200000 a 4500</marc:leader>
   <marc:datafield ind1="1" ind2=" " tag="100">
      <marc:subfield code="a">Pisecky, Helmut</marc:subfield>
      <marc:subfield code="4">aut</marc:subfield>
      <marc:subfield code="e">Verfasser/-in</marc:subfield>
   </marc:datafield>
   <marc:datafield ind1=" " ind2=" " tag="653">
      <marc:subfield code="a">Österreichische Literatur</marc:subfield>
   </marc:datafield>
   <marc:datafield ind1="0" ind2="0" tag="245">
      <marc:subfield code="a">Ein Inselreich</marc:subfield>
   </marc:datafield>
   <marc:datafield ind1="0" ind2="0" tag="245">
      <marc:subfield code="c">Helmut Pisecky</marc:subfield>
   </marc:datafield>
   <marc:datafield ind1=" " ind2="1" tag="264">
      <marc:subfield code="a">Wien</marc:subfield>
      <marc:subfield code="b">Seifert Verlag</marc:subfield>
      <marc:subfield code="c">2019</marc:subfield>
   </marc:datafield>
   <marc:datafield ind1=" " ind2=" " tag="250">
      <marc:subfield code="a">1. Aufl.</marc:subfield>
   </marc:datafield>
   <marc:datafield ind1="1" ind2=" " tag="520">
      <marc:subfield code="a">Im Herbst 2016 trifft ein geheimnisvoller Brief aus der Pazifikregion im Bundeskriminalamt in Wien ein. In dem Schreiben meldet der Inselhauptmann der Kronkolonie Neu-Österreich einen Mord und ersucht um die Entsendung eines Ermittlers. Als Chefinspektor Eberhard Graf kurz darauf in der Südsee eintrifft, stellt er fest, dass sich seit mehr als 150 Jahren in der Abgeschiedenheit des Pazifiks eine Miniaturversion der Donaumonarchie erhalten hat. Doch die heile Welt der Inselbewohner, über deren Wohl der Inselhauptmann als Vertreter des fernen Kaisers wacht, birgt ein dunkles Geheimnis. Und während Chefinspektor Graf immer tiefer in die Verstrickungen zwischen den Clans eindringt, muss er erkennen, dass er nicht nur einen Mord aufklären soll, sondern die Zukunft des ganzen Inselreichs in Händen hält. Und es ist gerade der Mörder, der ihn Schritt für Schritt auf die richtige Spur führt ...&lt;br/&gt;[Verlagsmeldung]</marc:subfield>
   </marc:datafield>
   <marc:datafield ind1=" " ind2=" " tag="020">
      <marc:subfield code="a">9783902924988</marc:subfield>
      <marc:subfield code="9">9783902924988</marc:subfield>
   </marc:datafield>
   <marc:datafield ind1=" " ind2=" " tag="041">
      <marc:subfield code="a">ger</marc:subfield>
   </marc:datafield>
   <marc:datafield ind1=" " ind2=" " tag="300">
      <marc:subfield code="a">150 S.</marc:subfield>
   </marc:datafield>
</marc:record>
